Statistiques concernant Youv Dee

Cliquez ici pour prendre le quiz!

Statistiques générales

  • Ce quiz a été pris 12 fois
  • Le résultat moyen est 40 sur 95

Statistiques - réponses

HintRéponse% Correct
Planète MarsHôtel 5
86%
La Vie de LuxeJ'rêve
86%
Pas d'accord !Ma belle
86%
Gear 2Opening
86%
Pas d'accord !Pas d'accord !
86%
Pas d'accord !Sadboy
86%
Pas d'accord !Casper
71%
La Vie de Luxe : Dark ÉditionCeci cela
71%
Pas d'accord !Démons
71%
La Vie de LuxeLa vie de luxe
71%
Pas d'accord !Promesse
71%
Pas d'accord !Spéciale
71%
La Vie de LuxeSur les toits
71%
La Vie de Luxe : Dark ÉditionA quoi ça sert
57%
Gear 2Berry
57%
La Vie de LuxeBoussole
57%
Pas d'accord !Fallait pas
57%
Pas d'accord !Feeling
57%
La Vie de LuxeLes sous
57%
Pas d'accord !Longtime
57%
Gear 2Love
57%
Pas d'accord !Mal 2 toi
57%
Gear 2Monkey D Luffy
57%
High et fines herbesOkOk
57%
Pas d'accord !Rock'n'roll
57%
Gear 2Slay
57%
Gear 2Super Nana
57%
Gear 3Taga
57%
Gear 311
43%
Haine World7 sur 7
43%
La Vie de Luxe : Dark ÉditionB.A.C
43%
Planète MarsBad bitch
43%
Gear 3Beaucoup
43%
Gear 3Bendo
43%
LithiumBLC
43%
Skip the use ft. Youv DeeCall me
43%
Planète MarsCalypso
43%
Freestyle OKLMCombien
43%
La Vie de LuxeCompliqué
43%
La Vie de LuxeCondamné
43%
La Vie de LuxeDédale
43%
La Vie de LuxeDe toi
43%
Planète MarsDis moi
43%
La Vie de Luxe : Dark ÉditionDollars
43%
Gear 2Ending
43%
Planète MarsEnfer et Paradis
43%
Youv Dee ft. SirapGen-Gen
43%
Planète MarsLa dalle
43%
La Vie de Luxe : Dark ÉditionLes démons les anges
43%
Haine WorldMefait accompli
43%
Planète MarsMon pote
43%
FreestyleNBA
43%
Gear 3Ok Hey !
43%
La Vie de LuxePersonne
43%
Adieu les monstresPersonne
43%
Pas d'accord !Poseur
43%
Pas d'accord !Sortir de ma tête
43%
Pas d'accord !Suis-moi
43%
Haine WorldTellement
43%
Dareal m'a tuerVibrer
43%
La Vie de LuxeYeah !
43%
FreestyleBastos
29%
A love letter to you 4Bust Down Deux
29%
Haine WorldC'est comment
29%
Gear 2Cette go
29%
AttaqueDe ouf
29%
Gear 3Euros
29%
Gear 3Gear 3
29%
QuantumGénie
29%
La Vie de LuxeGhetto
29%
Gear 2J'aime trop ça
29%
La Vie de LuxeL'homme de ta vie
29%
DiavolanaLoca
29%
La Vie de LuxeMerco
29%
La Vie de LuxeOhlala
29%
RYMZ ft. Youv deeParadise
29%
La Vie de Luxe : Dark ÉditionStop
29%
Planète MarsTour du monde
29%
3050 DEGREEZ :Condamné à l'excellenceTremblement de terre
29%
Gear 3Bails
14%
Toronto / Paris (Redbull Music)Coquillage
14%
PulsationsCtrl+Z
14%
Gear 3Hate sur moi
14%
STO NELLA SADInferno
14%
Haine WorldMaille
14%
Neuilly plaisir, vol.2Monster Truck
14%
Gear 2Oh Yeah
14%
Ysos ft. Youv DeePas la peine
14%
Gear 3Pas le time
14%
Haine WorldPetit à petit
14%
FreestyleRèglement Spaceship Freestyle
14%
Les anges ont des yeux vol.2Rêves
14%
Les anges ont des yeux vol.1Top
14%
Gear 3Tout se paye
14%
Gear 3Zone
14%

Distribution des résultats

Percentile par nombre de réponses

% des personnes avec chaque résultat

Votre développement - résultats

Vous n’avez pas pris ce quiz